| 000 | 00776nac a22002531i 4500 | ||
|---|---|---|---|
| 003 | EG-ScBUE | ||
| 005 | 20260512094421.0 | ||
| 008 | 260512t1987 nyu g 001 0 eng d | ||
| 020 | _a0471032476 | ||
| 040 |
_aEG-ScBUE _beng _erda _cEG-ScBUE _dEG-ScBUE |
||
| 082 | 0 | 4 |
_a512.5 _bANT _222 |
| 100 | 1 |
_aAnton, Howard, _eauthor. |
|
| 245 | 1 | 0 |
_aElementary linear algebra / _cHoward Anton, Drexel University. |
| 264 | 1 |
_aNew York : _bJohn Wiley & Sons, _c[1987] |
|
| 264 | 4 | _cc1987 | |
| 300 |
_a1 volume (various pagings) ; _c23 cm |
||
| 336 |
_2rdacontent _atext _btxt |
||
| 337 |
_aunmediated _2rdamedia _bn |
||
| 338 |
_avolume _bnc _2rdacarrier |
||
| 500 | _aIncludes index. | ||
| 650 | 7 |
_aAlgebras, Linear. _2BUEsh |
|
| 655 | _vReading book | ||
| 942 |
_cBB _2ddc |
||
| 999 |
_c4376 _d4376 |
||